00691nam a22001097a 4500040000800000082002700008100002000035245038700055260002600442300002600468856008700494 cRUA aFOR CHH 2012 B140 Or.1 aCHHORN, VIREAK. aSituation of participatory management of biodiversity resource in peam krosaop wildlife sanctuary koh konh province, ស្ថានភាពនៃការគ្រប់គ្រងធនធានជីវចម្រុះដោយមានការចូលរួមនៅដែនជំរកសត្វព្រៃពាមក្រសោផ ខេត្តកោះកុង aPhnom PenhbRUAc2012 aix; 41p.bill.c29cm. uhttps://drive.google.com/file/d/1tWoFk4AIq4z1Orh4X9Uu5Z4iGj0DvZZ5/view?usp=sharing